000 00507nam a2200193 a 4500
001 18878
003 CO-ViMGA
008 141112s2004 ck r 000 u spa d
020 _a84953599369
040 _aCO-ViMGA
_bspa
_cCO-ViMGA
082 0 4 _a833.91 P173
100 1 _aParei, Inka
_927002
245 1 0 _aLa Luchadora de sombras
260 _aBarcelona :
_bAcantilado; 2002
300 _a206 p.
590 _aForma de adquisición : premio Mincultura
650 1 4 _aNOVELA ALEMANA
_92669
942 _2ddc
_cBK
999 _c28105
_d28105